Statystyki dla Polskie Miasta Należące do Danej Kategorii

Kliknij tutaj aby rozwiązać quiz!

Ogólne statystyki

  • Ten quiz został rozwiązany 1 251 razy
    (1 235 od ostatniego zresetowania)
  • Średni wynik to 8 z 12

Statystyki odpowiedzi

Polskie miasto...Wszystkie odpowiedziOdpowiedź% Poprawnych
powyżej 500 000 mieszkańców.Kraków / Łódź / Poznań / Warszawa / WrocławKraków, Łódź, Poznań, ...
100%
z latarnią morską.Darłowo / Gdańsk / Hel / Jastarnia / Kołobrzeg / Krynica Morska / Świnoujście / UstkaDarłowo, Gdańsk, Hel, ...
97%
będące stolicą Polski przed Warszawą.Gniezno / Kraków / Płock / PoznańGniezno, Kraków, Płock, ...
85%
którego nazwa zaczyna się od "Nowy".Nowy Dwór Gdański / Nowy Dwór Mazowiecki / Nowy Korczyn / Nowy Sącz / Nowy Staw / Nowy Targ / Nowy Tomyśl / Nowy WiśniczNowy Dwór Gdański, Nowy Dwór Mazowiecki, Nowy Korczyn, ...
84%
z muzeum narodowym.Gdańsk / Kielce / Kraków / Poznań / Przemyśl / Szczecin / Warszawa / WrocławGdańsk, Kielce, Kraków, ...
80%
na literę "U".Ujazd / Ujście / Ulanów / Uniejów / Urzędów / Ustka / Ustroń / Ustrzyki DolneUjazd, Ujście, Ulanów, ...
78%
z drużyną w żużlowej PGE Ekstralidze.Częstochowa / Gorzów Wielkopolski / Grudziądz / Leszno / Lublin / Toruń / Wrocław / Zielona GóraCzęstochowa, Gorzów Wielkopolski, Grudziądz, ...
75%
na 3 litery.Buk / Ełk / Hel / RynBuk, Ełk, Hel, ...
68%
ze stadionem lekkoatletycznym na co najmniej 10 000 widzów.Bydgoszcz / Chorzów / Racibórz / Wałbrzych / Zamość / Zielona GóraBydgoszcz, Chorzów, Racibórz, ...
54%
będące siedzibą parku narodowego.Bodzentyn / Drawno / Jelenia Góra / Mosina / Kudowa-Zdrój / Międzyzdroje / Zakopane / ZwierzyniecBodzentyn, Drawno, Jelenia Góra, ...
50%
leżące nad Dunajcem.Czchów / Nowy Sącz / Nowy Targ / Stary Sącz / Szczawnica / Tarnów / Wojnicz / Zakliczyn / ŻabnoCzchów, Nowy Sącz, Nowy Targ, ...
45%
z koleją gondolową.Bielsko-Biała / Chorzów / Duszniki-Zdrój / Krynica-Zdrój / Szczyrk / Świeradów-Zdrój / WrocławBielsko-Biała, Chorzów, Duszniki-Zdrój, ...
35%

Rozkład punktacji

Percentyl według liczby udzielonych odpowiedzi

Procent ludzi z każdym wynikiem

Twoja historia wyników

Nie rozwiązałeś tego quizu od ostatniego zresetowania